| 000 | 00700nam a2200241Ia 4500 | ||
|---|---|---|---|
| 005 | 20240426131207.0 | ||
| 008 | 131103s9999 xx 000 0 und d | ||
| 020 |
_a9.79E+12 _cRs.125.00 |
||
| 040 | _aLoreto College | ||
| 041 | _aEnglish | ||
| 082 |
_a371.3 _bSAF |
||
| 100 | _aSafaya, R.N. | ||
| 245 |
_aModern Educational Administration and Management _cR.N. Safaya, B.D.Shaida and C.S. Shukla |
||
| 250 | _a5th ed. | ||
| 260 |
_aNew Delhi _bDhanpat Rai publishing _c2006 |
||
| 300 | _a355p. | ||
| 504 | _aIncludes bibliographical references | ||
| 650 | _aEducational administration | ||
| 651 | _aEducational management | ||
| 700 | _aShaida, B.D. | ||
| 850 | _aLCBED | ||
| 942 | _cBK | ||
| 999 |
_c36510 _d86989 |
||